| 000 | 00384nam a2200133Ia 4500 | ||
|---|---|---|---|
| 008 | 210210b1985 xxu||||| |||| 00| 0 eng d | ||
| 082 | _a001.6424B DAVT | ||
| 100 | _aDAVIES (Graham). | ||
| 245 | _aTalking basic : an introduction to basic programming for users of language. | ||
| 260 |
_aGreat Britain _bCassell _c1985 |
||
| 300 | _a338 | ||
| 690 | _aComputer Science | ||
| 906 | _a042579 | ||
| 999 |
_c92507 _d92507 |
||